000 00652nam a22002177a 4500
003 BJBSDDR
005 20260331062936.0
007 ta
008 250916s sp ||||| |||| 00| 0 spa d
020 _a842761117
020 _a9788427611177
040 _bspa
_c BJBSDDR
041 _aspa
050 _bO49d 1973
100 1 _aOllero Tassara, Andrés
_944945
245 1 0 _aDerecho y sociedad :
_bdos reflexiones en torno a la filosofía jurídica alemana actual /
_cAndrés Ollero Tassara
260 _aMadrid :
_bNacional,
_c1973
300 _a 147 pages
_b22 cm
650 0 _aColección Celestino del Arenal (CCA)
_915749
942 _2lcc
_n0
_cBK
999 _c125230
_d125230